Portland Trail Blazers 2020's Starters - Statistics

General Stats
  • This quiz has been taken 299 times
    9 since last reset
  • The average score is 11 of 19
Answer Stats
Player Starts % Correct
CJ McCollum 3
100%
Damian Lillard 3
100%
Deni Avdija 1
88%
Jusuf Nurkić 3
88%
Anfernee Simons 4
75%
Donovan Clingan 1
75%
Jerami Grant 3
75%
Jrue Holiday 1
75%
Shaedon Sharpe 2
75%
Scoot Henderson 1
63%
Deandre Ayton 1
50%
Robert Covington 2
50%
Toumani Camara 3
50%
Carmelo Anthony 1
38%
Hassan Whiteside 1
38%
Norman Powell 1
38%
Josh Hart 1
25%
Derrick Jones Jr. 1
13%
Trevor Ariza 1
13%
No matching quizzes found
Score Distribution
Percent of People with Each Score
Percentile by Number Answered
Your Score History
You have not taken this quiz since the last reset